00277nam a2200121Ia 45000030006000000080041000060400015000471000028000622450027000902600009001175460012001260050017001380STCL150530s9999 xx 000 0 und d aSTCLcSTCL aJoel Rentfro and others aGuide to better living c1952 aEnglish20220125170522.0